Systems and Control Letters

Gespeichert in:
Bibliographische Detailangaben
Format: Schriftenreihe
Veröffentlicht: 2001
Tags: Tag hinzufügen
Keine Tags, Fügen Sie das erste Tag hinzu!

MARC

LEADER 00000nas a22000003a 4500
001 stu74622
005 20141121224932.0
008 020305s2001----------------------------d
040 |a STU  |b slo 
041 0
245 |a Systems and Control Letters 
260 |c 2001 
500 |a č.1-5 
500 |a 5 
773 0 |t Systems and Control Letters  |w stu_us_cat*stu60317  |x 0167-6911  |7 nnas 
996 |d Vol. 43, 2001  |v Vol. 43  |y 2001  |l EE0103  |s A  |a 24  |w stu74622_0001